[Event "Uljanovsk op"]
[Site "Uljanovsk"]
[Date "2009.08.30"]
[Round "9"]
[White "Poletaev, Vitaly"]
[Black "Borisov, Grigori"]
[Result "1-0"]
[WhiteElo "2111"]
[BlackElo "1884"]
[PlyCount "69"]
[EventDate "2009.08.26"]
[EventType "swiss"]
[EventRounds "9"]
[EventCountry "RUS"]
[SourceTitle "CBM 132 Extra"]
[Source "ChessBase"]
[SourceDate "2009.11.03"]
[SourceVersion "1"]
[SourceVersionDate "2009.11.03"]
[SourceQuality "1"]

1. e4 c5 2. f4 e6 3. Nf3 g6 4. c3 Bg7 5. Na3 Ne7 6. Nc2 Nbc6 7. Bb5 Qb6 8. a4 a6 9. Bxc6 Qxc6 10. Qe2 d6 11. 0-0 0-0 12. d3 b6 13. Ne3 Bb7 14. h4 b5 15. h5 Rfe8 16. hxg6 hxg6 17. Ng5 Qd7 18. Qg4 Rad8 19. Qh3 f5 20. axb5 axb5 21. Ra7 Rb8 22. g4 Nc6 23. Rxb7 Rxb7 24. Qh7+ Kf8 25. Qxg6 Qd8 26. gxf5 Bf6 27. fxe6 Rg7 28. Qh6 Rxe6 29. Nf5 Bd4+ 30. cxd4 Rxh6 31. Nxh6 Nxd4 32. Kf2 Qf6 33. Ng4 Qe7 34. Be3 Ne6 35. Ke1 1-0

[Event "Uljanovsk op"]
[Site "Uljanovsk"]
[Date "2009.08.29"]
[Round "8"]
[White "Borisov, Grigori"]
[Black "Zhdanov, Eduard"]
[Result "1-0"]
[WhiteElo "1884"]
[BlackElo "2018"]
[PlyCount "101"]
[EventDate "2009.08.26"]
[EventType "swiss"]
[EventRounds "9"]
[EventCountry "RUS"]
[SourceTitle "CBM 132 Extra"]
[Source "ChessBase"]
[SourceDate "2009.11.03"]
[SourceVersion "1"]
[SourceVersionDate "2009.11.03"]
[SourceQuality "1"]

1. e4 d6 2. d3 e5 3. g3 Nf6 4. Bg2 Nc6 5. Ne2 Bg4 6. h3 Be6 7. Nbc3 g6 8. d4 Bc4 9. d5 Nb8 10. Bg5 Be7 11. Be3 Bf8 12. Qd2 Bg7 13. 0-0-0 Nbd7 14. f4 Qe7 15. Rde1 a5 16. Rhf1 Ba6 17. f5 Ng8 18. a4 b6 19. g4 0-0-0 20. Rf3 Rf8 21. Ng3 Kb8 22. Bf1 Bxf1 23. Rexf1 Kb7 24. Qe2 Bf6 25. Qc4 Nb8 26. Nb5 Bg5 27. Bxg5 Qxg5+ 28. Kb1 Qe7 29. Qe2 f6 30. h4 Nd7 31. Rc3 Nc5 32. Rc4 Qd7 33. b3 g5 34. hxg5 fxg5 35. Rh1 Nf6 36. Nh5 Ne8 37. Rc3 c6 38. dxc6+ Qxc6 39. Re3 Rf7 40. Rd1 Rd7 41. Nc3 Rf8 42. Qb5 Nf6 43. Qxc6+ Kxc6 44. Rh1 Nxg4 45. Rg3 Nf2 46. Re1 g4 47. Re2 Nh3 48. Rxg4 Rdf7 49. Rh2 Nf4 50. Nxf4 exf4 51. Rxf4 1-0

[Event "Dimitrovgrad Teenagers op"]
[Site "Dimitrovgrad"]
[Date "2009.08.22"]
[Round "5"]
[White "Borisov, Grigori"]
[Black "Olisov, Andrey"]
[Result "0-1"]
[WhiteElo "1884"]
[BlackElo "2104"]
[PlyCount "44"]
[EventDate "2009.08.19"]
[EventType "swiss"]
[EventRounds "9"]
[EventCountry "RUS"]
[SourceTitle "EXT 2017"]
[Source "ChessBase"]
[SourceDate "2016.10.25"]
[SourceVersion "1"]
[SourceVersionDate "2016.10.25"]
[SourceQuality "1"]

1. e4 c5 2. Nf3 Nc6 3. d3 d6 4. Nbd2 g6 5. g3 Bg7 6. Bg2 e5 7. 0-0 Nge7 8. Ne1 0-0 9. Nc4 Be6 10. h3 d5 11. Nd2 Qd7 12. Kh2 h6 13. c3 Rfd8 14. Qe2 Rac8 15. Nc2 Kh7 16. Ne3 d4 17. Nd5 dxc3 18. bxc3 Nxd5 19. exd5 Bxd5 20. Ne4 b6 21. Qe3 Be6 22. Bd2 f5 0-1

[Event "Uljanovsk Petrosian Memorial op"]
[Site "Uljanovsk"]
[Date "2009.06.20"]
[Round "2"]
[White "Pirogov, Vladislav"]
[Black "Borisov, Grigori"]
[Result "0-1"]
[WhiteElo "1614"]
[BlackElo "1870"]
[PlyCount "104"]
[EventDate "2009.06.20"]
[EventType "swiss"]
[EventRounds "9"]
[EventCountry "RUS"]
[SourceTitle "EXT 2012"]
[Source "ChessBase"]
[SourceDate "2011.11.24"]
[SourceVersion "1"]
[SourceVersionDate "2011.11.24"]
[SourceQuality "1"]

1. d4 Nf6 2. c4 e6 3. Nf3 b6 4. g3 Bb7 5. Nc3 Ne4 6. Nxe4 Bxe4 7. Bg2 Bb4+ 8. Bd2 Qe7 9. 0-0 Bxd2 10. Nxd2 Bxg2 11. Kxg2 Nc6 12. e3 0-0 13. Qe2 f5 14. Nf3 d6 15. Qd2 Nd8 16. d5 e5 17. Rfe1 a5 18. Qc2 Nb7 19. Nd2 Nc5 20. Nb3 Ne4 21. Nd2 Nc5 22. Nb3 Nd7 23. Rad1 Qg5 24. Qe2 Rae8 25. h4 Qg6 26. Kh2 a4 27. Nd2 e4 28. Nb1 Ne5 29. Kh1 Nf3 30. Nd2 Nxe1 31. Rxe1 Ra8 32. Nb1 Qf6 33. Nc3 a3 34. Qc2 axb2 35. Qxb2 Ra5 36. Rb1 Rfa8 37. Nb5 Qxb2 38. Rxb2 Rxa2 39. Rxa2 Rxa2 40. Nxc7 Rc2 41. Ne8 Rxc4 42. Nxd6 Rc5 43. Nxf5 g6 44. Nd6 Rxd5 45. Nxe4 Re5 46. Nf6+ Kg7 47. Nd7 Rb5 48. Kg2 Rb2 49. Kf3 b5 50. Nc5 Kf6 51. e4 Ra2 52. Ke3 b4 0-1

[Event "Uljanovsk-ch"]
[Site "Uljanovsk"]
[Date "2009.03.17"]
[Round "4"]
[White "Mirzaev, Aziz"]
[Black "Borisov, Grigori"]
[Result "0-1"]
[WhiteElo "1846"]
[BlackElo "1870"]
[PlyCount "93"]
[EventDate "2009.03.14"]
[EventType "swiss"]
[EventRounds "9"]
[EventCountry "RUS"]
[SourceTitle "EXT 2010"]
[Source "ChessBase"]
[SourceDate "2010.11.25"]
[SourceVersion "1"]
[SourceVersionDate "2010.11.25"]
[SourceQuality "1"]

1. e4 c5 2. Nf3 d6 3. d4 cxd4 4. Nxd4 Nf6 5. Nc3 a6 6. a4 b6 7. f3 e6 8. Nb3 Be7 9. Be3 Bb7 10. a5 b5 11. Qd2 0-0 12. 0-0-0 Nbd7 13. Qf2 Qc8 14. g4 Nc5 15. g5 Nxb3+ 16. cxb3 Nxe4 17. fxe4 b4 18. Qc2 bxc3 19. bxc3 d5 20. exd5 Bxd5 21. Rg1 Bc5 22. Bxc5 Qxc5 23. Bd3 Qa3+ 24. Qb2 Qxa5 25. Qc2 Qa3+ 26. Qb2 Qxb3 27. Qxb3 Bxb3 28. Rde1 a5 29. h4 a4 30. h5 Rac8 31. Kb2 Rfd8 32. Rg3 Bc4 33. Bxc4 Rxc4 34. g6 Rd2+ 35. Kc1 Rf2 36. gxh7+ Kxh7 37. Reg1 Kh8 38. Rxg7 Rxc3+ 39. Kb1 Rf1+ 40. Rxf1 Kxg7 41. h6+ Kxh6 42. Rxf7 Kg6 43. Re7 Kf6 44. Re8 a3 45. Ka2 Kf5 46. Rf8+ Ke4 47. Re8 0-1

[Event "Uljanovsk Cup op"]
[Site "Uljanovsk"]
[Date "2008.11.21"]
[Round "7"]
[White "Borisov, Grigori"]
[Black "Saveliev, Dmitri"]
[Result "0-1"]
[WhiteElo "1845"]
[BlackElo "2161"]
[PlyCount "52"]
[EventDate "2008.11.15"]
[EventType "swiss"]
[EventRounds "9"]
[EventCountry "RUS"]
[SourceTitle "EXT 2022"]
[Source "ChessBase"]
[SourceDate "2021.10.06"]
[SourceVersion "1"]
[SourceVersionDate "2021.10.06"]
[SourceQuality "1"]

1. Nf3 b6 2. d3 Bb7 3. Nbd2 f5 4. g3 Nf6 5. Bg2 e5 6. 0-0 d6 7. e4 g6 8. Re1 Bg7 9. exf5 0-0 10. fxg6 hxg6 11. Ne4 Nxe4 12. dxe4 Nd7 13. Nh4 Qf6 14. Be3 Nc5 15. Qg4 Kh7 16. Bxc5 bxc5 17. Nf3 Bh6 18. Qd7+ Rf7 19. Qb5 Bc8 20. Qb3 Bg4 21. Nh4 Bd2 22. Qd5 Bxe1 23. Qxa8 Qxf2+ 24. Kh1 g5 25. h3 gxh4 26. hxg4 h3 0-1

[Event "Dimitrovgrad Teenagers op"]
[Site "Dimitrovgrad"]
[Date "2008.08.24"]
[Round "9"]
[White "Borisov, Grigori"]
[Black "Olisov, Andrey"]
[Result "1/2-1/2"]
[WhiteElo "1832"]
[BlackElo "2003"]
[PlyCount "49"]
[EventDate "2008.08.20"]
[EventType "swiss"]
[EventRounds "8"]
[EventCountry "RUS"]
[SourceTitle "EXT 2022"]
[Source "ChessBase"]
[SourceDate "2021.10.06"]
[SourceVersion "1"]
[SourceVersionDate "2021.10.06"]
[SourceQuality "1"]

1. e4 e6 2. d3 d6 3. d4 d5 4. exd5 exd5 5. Qe2+ Qe7 6. Qxe7+ Bxe7 7. Be2 Nf6 8. Nf3 Bg4 9. Bg5 Bxf3 10. Bxf3 c6 11. Bxf6 Bxf6 12. c3 Nd7 13. Nd2 0-0-0 14. 0-0-0 Bg5 15. Rde1 Rde8 16. Kd1 Kd8 17. b4 b6 18. Bg4 Rxe1+ 19. Rxe1 Re8 20. Rxe8+ Kxe8 21. Kc2 Nf6 22. Be2 Nd7 23. Nf3 Bf4 24. g3 Bd6 25. Nd2 1/2-1/2

[Event "Dimitrovgrad Teenagers op"]
[Site "Dimitrovgrad"]
[Date "2008.08.21"]
[Round "3"]
[White "Alachihin, Vladimir"]
[Black "Borisov, Grigori"]
[Result "1-0"]
[WhiteElo "2134"]
[BlackElo "1832"]
[PlyCount "79"]
[EventDate "2008.08.20"]
[EventType "swiss"]
[EventRounds "8"]
[EventCountry "RUS"]
[SourceTitle "EXT 2022"]
[Source "ChessBase"]
[SourceDate "2021.10.06"]
[SourceVersion "1"]
[SourceVersionDate "2021.10.06"]
[SourceQuality "1"]

1. d4 Nf6 2. Nf3 e6 3. c4 b6 4. Nc3 Bb7 5. g3 Be7 6. Bg2 Ne4 7. Qc2 Nxc3 8. Qxc3 0-0 9. 0-0 f5 10. Rd1 Bf6 11. b4 d6 12. Bb2 Qe7 13. Qb3 Nd7 14. Rac1 Rab8 15. Rd2 Rfc8 16. h4 h6 17. Bh3 g6 18. d5 Bxb2 19. Rxb2 e5 20. h5 e4 21. Nh4 Qg5 22. Qe3 Qxh5 23. f4 Nf6 24. Qd4 Rf8 25. Rf1 Rbe8 26. e3 Ra8 27. Rh2 Ng4 28. Rh1 g5 29. Ng2 Qg6 30. fxg5 Ne5 31. Nh4 Qxg5 32. Kg2 Ng4 33. Bxg4 Qxg4 34. Rf4 Qg5 35. Rhf1 Bc8 36. Kf2 Bd7 37. Ng2 Rf7 38. Rh1 Qf6 39. Qd2 a5 40. b5 1-0

[Event "Uljanovsk-ch op fin"]
[Site "Uljanovsk"]
[Date "2008.03.16"]
[Round "7"]
[White "Borisov, Grigori"]
[Black "Mikeev, Valery"]
[Result "1-0"]
[WhiteElo "1781"]
[BlackElo "1864"]
[PlyCount "87"]
[EventDate "2008.03.09"]
[EventType "swiss"]
[EventRounds "9"]
[EventCountry "RUS"]
[SourceTitle "EXT 2022"]
[Source "ChessBase"]
[SourceDate "2021.10.06"]
[SourceVersion "1"]
[SourceVersionDate "2021.10.06"]
[SourceQuality "1"]

1. e4 g6 2. d4 Bg7 3. Nc3 d6 4. Be3 Nf6 5. f3 c6 6. Qd2 h5 7. h4 b5 8. Nh3 a5 9. Be2 Qc7 10. Nf4 Ba6 11. Nd3 Nbd7 12. Nd1 e5 13. dxe5 Nxe5 14. N1f2 0-0 15. Bg5 Rfd8 16. Qe3 c5 17. 0-0 Rd7 18. Rfd1 c4 19. Nxe5 dxe5 20. Rxd7 Nxd7 21. Qd2 f6 22. Qd5+ Kh7 23. Qxa8 Bb7 24. Qe8 fxg5 25. Qe7 Qc6 26. Rd1 Nf8 27. Nh3 gxh4 28. Ng5+ Kh6 29. Nf7+ Kh7 30. Qxh4 Bf6 31. Qe1 Qc5+ 32. Qf2 Qe7 33. Nd6 Bc6 34. Qb6 Bd7 35. Nxb5 Kh6 36. Bxc4 Bh4 37. Qd6 Qg7 38. Nc3 Bg3 39. Nd5 h4 40. Qe7 Qh8 41. Nf6 h3 42. Nxd7 Nxd7 43. Qxd7 hxg2 44. Qh3+ 1-0

[Event "Uljanovsk-ch op fin"]
[Site "Uljanovsk"]
[Date "2008.03.15"]
[Round "6"]
[White "Parshakov, Vladimir"]
[Black "Borisov, Grigori"]
[Result "0-1"]
[WhiteElo "2075"]
[BlackElo "1781"]
[PlyCount "53"]
[EventDate "2008.03.09"]
[EventType "swiss"]
[EventRounds "9"]
[EventCountry "RUS"]
[SourceTitle "EXT 2022"]
[Source "ChessBase"]
[SourceDate "2021.10.06"]
[SourceVersion "1"]
[SourceVersionDate "2021.10.06"]
[SourceQuality "1"]

1. d4 Nf6 2. c4 e6 3. Nc3 Bb4 4. Qc2 b6 5. a3 Bxc3+ 6. Qxc3 Bb7 7. Nf3 Ne4 8. Qc2 0-0 9. g3 f5 10. Bg2 Qc8 11. 0-0 d6 12. Rd1 a5 13. b3 Nd7 14. Bb2 Ndf6 15. h3 Qe8 16. e3 Qh5 17. d5 e5 18. Nh2 Bc8 19. g4 Qg5 20. f4 exf4 21. exf4 Qxf4 22. Bc1 Qe5 23. Bb2 Qe8 24. Re1 Qg6 25. Re3 Bd7 26. Rae1 Rae8 27. Bxf6 0-1